00942nam a2200229 i 450000100060000000300090000600500170001500700030003200800410003510000310007624501100010726000440021730000200026149000450028150500860032665000350041270000450044783000530049285200300054599900170057595201200059246799ES-MaACL20250823021523.0t|030401s1955 sp ||||1| spa d1 aConnell, Francis J.94020210aTeología para seglares / cpor Francisco J. Connell ; versión del inglés por Pedro R. Santidrián. aMadrid : bEl Perpetuo Socorro, c1955. a2 t. ; c17 cm.1 aManuales del católico práctico ; v28 aContiene: T.I: Puntos de Teología moral. -- T.II: Moral pública y profesional 7aMoral cristiana2embne91423711 aRodríguez Santidrián, Pedro.91607100 aManuales del católico práctico ; v29182114 aES-MaACLjP-871 bR.38203 c46799d46799 00104070aATENEOMbATENEOMcDEPO2d2008-01-17eSCl0oP-871p1049221r2023-02-23 00:00:00w2023-02-23yMONOGRAFIA